[Event "Popayan Yeika op 1st"]
[Site "Popayan"]
[Date "2024.10.13"]
[Round "4"]
[White "Sanchez Riscanevo, Santiago"]
[Black "Dorado Piamba, Juan Jose"]
[Result "0-1"]
[WhiteElo "1588"]
[BlackElo "1841"]
[PlyCount "69"]
[EventDate "2024.10.11"]
[EventType "swiss"]
[EventRounds "7"]
[EventCountry "COL"]
[SourceTitle "CB43_2024"]
[Source "Chessbase"]
[SourceDate "2024.10.23"]
[SourceVersion "1"]
[SourceVersionDate "2024.10.23"]
[SourceQuality "1"]

1. e4 c5 2. Nf3 d6 3. d4 cxd4 4. Nxd4 Nf6 5. Nc3 g6 6. f4 Nbd7 7. Be3 Bg7 8. Bc4 0-0 9. 0-0 Nc5 10. Bd3 Ng4 11. Qe2 Nxe3 12. Qxe3 Nxd3 13. cxd3 Qb6 14. e5 dxe5 15. fxe5 Rd8 16. Nc2 Qxe3+ 17. Nxe3 Be6 18. Rfd1 Bxe5 19. Ne2 Bxb2 20. Rab1 Bf6 21. Rxb7 Bxa2 22. Rb4 a5 23. Re4 a4 24. Nc1 Be6 25. Nc4 a3 26. Na2 Ra4 27. Rb1 Rxd3 28. Nd2 Rxe4 29. Nxe4 Bxa2 30. Rf1 Bd4+ 31. Kh1 Bd5 32. Ng3 a2 33. Ne2 a1Q 34. Rxa1 Bxa1 35. Ng1 0-1